00349 2200145 4500001002100000005001700021020002200038035001900060082001100079100001400090245004800104250000600152500001900158990002600177INLIS00000000001872320170609095539.0 a978-979-22-5780-9 0010-06170021280 a8992210 atere liye00adaun yang jatuh tidak pernah membenci angin a1 a264 hlm; 20 cm a8769/ban.pr/kpad/2012